000 01851cam a2200481 i 4500
001 55916
003 KOSZ 005
005 20221017145453.0
008 081027s2008 pl a f f |001 0 pol
015 _aPB 27889/2008
020 _a9788301155377
040 _cKOSZ 005
_aKOSZ 005
_dKOSZ 005/HR
041 1 _apol
_heng
046 _k2005
080 _a620.3
080 _a(075.8)
245 0 0 _aNanotechnologie /
_cred. nauk. Robert W. Kelsall, Ian W. Hamley, Mark Geoghegan ; red. nauk. przekł. Krzysztof Kurzydłowski ; [aut. Rik Brydson et. al. ; zespół tł. Jarosław Ferenc et al.].
246 1 _iTyt. oryg.:
_aNanoscale science and technology
260 _aWarszawa :
_bWydawnictwo Naukowe PWN,
_c2008.
300 _aXIV, 469 s. :
_bil. ;
_c25 cm.
336 _2rdacontent
_aTekst
_btxt
337 _2rdamedia
_aBez urządzenia pośredniczącego
_bn
338 _2rdacarrier
_aWolumin
_bnc
380 _aKsiążki
380 _aPublikacje dydaktyczne
385 _mPoziom nauczania
_aSzkoły wyższe
388 _a2001-
500 _aTyt. oryg.: "Nanoscale science and technology" 2005.
504 _aBibliogr. przy rozdz. Indeks.
521 8 _aPodręcznik akademicki.
650 4 _aNanotechnologia
655 4 _aPodręczniki akademickie
658 _aInżynieria i technika
700 1 _aKelsall, Robert W.
_eRedakcja
700 1 _aHamley, Ian W.
_eRedakcja
700 1 _aKurzydłowski, Krzysztof Jan
_d(1954- )
_eRedakcja
700 1 _aBrydson, Rilk
_eAutor
700 1 _aGeoghegan, Mark
_eRedakcja
700 1 _aFerenc, Jarosław
_c(inżynieria materiałowa)
_eTłumaczenie
710 2 _aWydawnictwo Naukowe PWN
_4pbl.
856 _uhttp://koha.tu.koszalin.pl/cgi-bin/koha/opac-detail.pl?biblionumber=55916
_yKatalog online BPK
942 _cKS
_2UKD
999 _c55916
_d55916